[Event "4NCL Division 3 South"]
[Site "Maidenhead, ENG"]
[Date "2022.02.13"]
[Round "4.13"]
[White "Robson, Ian A"]
[Black "Ortiz Sanchez, Luis"]
[Result "1-0"]
[WhiteElo "2045"]
[BlackElo "1980"]
[PlyCount "85"]
[EventDate "2022.02.13"]
[WhiteTeam "SchachAttack"]
[BlackTeam "Iceni 1"]

1. e4 c5 2. c3 Nf6 3. e5 Nd5 4. d4 cxd4 5. Nf3 d6 6. Bc4 e6 7. cxd4 Nc6 8. O-O
Be7 9. Qe2 O-O 10. Qe4 Ncb4 11. a3 Nb6 12. Bb3 N4d5 13. Bc2 g6 14. Bh6 Re8 15.
h4 f5 16. exf6 Nxf6 17. Qd3 Bd7 18. Nc3 Bc6 19. Ng5 Bf8 20. Bxf8 Kxf8 21. h5
Qd7 22. hxg6 Qg7 23. gxh7 Re7 24. Qh3 Nxh7 25. Nxh7+ Ke8 26. Ne4 Bxe4 27. Bxe4
d5 28. Bd3 Kd7 29. Rfe1 Rh8 30. Re2 Qxd4 31. Rae1 Kc7 32. Rxe6 Rxe6 33. Qxe6
Nd7 34. Rc1+ Kd8 35. Bf5 Qg7 36. Nf6 Rh1+ 37. Kxh1 Qh6+ 38. Nh5 Qxc1+ 39. Kh2
Qc7+ 40. g3 Ne5 41. Qxd5+ Ke7 42. Qe6+ Kf8 43. Qh6+ 1-0

[Event "4NCL Division 3 South"]
[Site "Maidenhead, ENG"]
[Date "2022.02.13"]
[Round "4.14"]
[White "Gibbs, Dominic V"]
[Black "Wilks, Simon"]
[Result "1-0"]
[WhiteElo "1974"]
[BlackElo "2081"]
[PlyCount "51"]
[EventDate "2022.02.13"]
[WhiteTeam "Iceni 1"]
[BlackTeam "SchachAttack"]

1. e4 e6 2. d4 d5 3. Nd2 c5 4. Ngf3 cxd4 5. Nxd4 Nf6 6. e5 Nfd7 7. N2f3 Nc6 8.
Nxc6 bxc6 9. Bd3 Be7 10. O-O Qb6 11. Qe2 Nc5 12. Rd1 h6 13. Ne1 Ba6 14. Bxa6
Qxa6 15. Qg4 Bf8 16. Be3 h5 17. Qh4 Ne4 18. Nd3 Qc4 19. f3 Nd6 20. Qf2 Nc8 21.
b3 Qa6 22. Rac1 Nb6 23. a4 Rc8 24. a5 Nd7 25. c4 Ba3 26. Rc2 1-0

[Event "4NCL Division 3 South"]
[Site "Maidenhead, ENG"]
[Date "2022.02.13"]
[Round "4.15"]
[White "Burrows, Nick"]
[Black "Reynolds, D Ian W"]
[Result "1/2-1/2"]
[WhiteElo "2026"]
[BlackElo "1929"]
[PlyCount "38"]
[EventDate "2022.02.13"]
[WhiteTeam "SchachAttack"]
[BlackTeam "Iceni 1"]

1. d4 Nf6 2. c4 e6 3. Nf3 b6 4. g3 Ba6 5. Qc2 Bb7 6. Bg2 Bb4+ 7. Nbd2 Ne4 8.
O-O f5 9. Ng5 Bxd2 10. Nxe4 Bxe4 11. Bxe4 fxe4 12. Qxe4 Bxc1 13. Qxa8 Bxb2 14.
Rad1 Nc6 15. Qxd8+ Nxd8 16. Rd3 c5 17. dxc5 Nb7 18. Rb1 Nxc5 19. Rxb2 Nxd3
1/2-1/2

[Event "4NCL Division 3 South"]
[Site "Maidenhead, ENG"]
[Date "2022.02.13"]
[Round "4.16"]
[White "Calvert, D Ian"]
[Black "Moyse, Nigel John"]
[Result "0-1"]
[WhiteElo "1942"]
[BlackElo "1978"]
[PlyCount "110"]
[EventDate "2022.02.13"]
[WhiteTeam "Iceni 1"]
[BlackTeam "SchachAttack"]

1. b3 e5 2. Bb2 d6 3. e3 Nf6 4. Nf3 Be7 5. c4 Nbd7 6. d4 e4 7. Nfd2 Nf8 8. Nc3
Bf5 9. Be2 h5 10. Qc2 c6 11. Rc1 d5 12. cxd5 cxd5 13. Nb5 Ne6 14. Nc7+ Nxc7 15.
Qxc7 Qxc7 16. Rxc7 Rc8 17. Rxc8+ Bxc8 18. O-O Bb4 19. Nb1 Bd7 20. Rc1 Bd6 21.
Ba3 Ke7 22. h3 Rc8 23. Rxc8 Bxc8 24. Kf1 Bd7 25. Ke1 h4 26. Bxd6+ Kxd6 27. Nc3
g5 28. b4 Ne8 29. a4 Nc7 30. Bf1 f5 31. f3 b6 32. Kf2 Ne6 33. Bb5 Bc8 34. Be8
Nc7 35. Nb5+ Nxb5 36. Bxb5 a5 37. bxa5 bxa5 38. g3 exf3 39. gxh4 g4 40. h5 Ke7
41. hxg4 fxg4 42. Kg3 Kf6 43. Kf4 Kg7 44. Bd3 Kh6 45. e4 dxe4 46. Bxe4 f2 47.
Bd3 Bd7 48. Kg3 Kxh5 49. Kxf2 Bxa4 50. Bf5 Bb3 51. Bxg4+ Kxg4 52. Ke3 a4 53.
Kd2 a3 54. Kc3 Ba4 55. d5 Kf5 0-1

[Event "4NCL Division 3 South"]
[Site "Maidenhead, ENG"]
[Date "2022.02.13"]
[Round "4.21"]
[White "Wilson, Jaimie"]
[Black "Finn, Peter"]
[Result "0-1"]
[WhiteElo "2096"]
[BlackElo "2177"]
[PlyCount "80"]
[EventDate "2022.02.13"]
[WhiteTeam "Wessex Some Stars A"]
[BlackTeam "CSC 1"]

1. e4 c5 2. c3 Nf6 3. e5 Nd5 4. Nf3 Nc6 5. Bc4 Nb6 6. Bb3 d5 7. exd6 Qxd6 8.
O-O Bf5 9. d4 cxd4 10. cxd4 e6 11. Nc3 Be7 12. Be3 O-O 13. Qe2 Na5 14. Rfc1
Nxb3 15. axb3 Nd5 16. Nd2 Rfc8 17. Nc4 Qb4 18. Qd1 Bf6 19. Ra4 Qe7 20. Nxd5
exd5 21. Na3 Bg4 22. Qd2 Rxc1+ 23. Qxc1 Rc8 24. Qd2 a6 25. h3 Bf5 26. Ra5 Qd7
27. b4 Be7 28. Bg5 Bxg5 29. Qxg5 Rc6 30. Qf4 b5 31. g4 Be4 32. Rxa6 h6 33. Ra8+
Kh7 34. Qb8 Rc1+ 35. Kh2 Rh1+ 36. Kg3 Rg1+ 37. Kf4 Qe7 38. Qg8+ Kg6 39. Ra6+ f6
40. Rc6 Qxb4 0-1

[Event "4NCL Division 3 South"]
[Site "Maidenhead, ENG"]
[Date "2022.02.13"]
[Round "4.22"]
[White "Farrand, Tom"]
[Black "Lukosius, Rolandas"]
[Result "0-1"]
[WhiteElo "2163"]
[BlackElo "2067"]
[PlyCount "56"]
[EventDate "2022.02.13"]
[WhiteTeam "CSC 1"]
[BlackTeam "Wessex Some Stars A"]

1. e4 c5 2. Nc3 Nc6 3. f4 g6 4. Nf3 Bg7 5. Bb5 Nd4 6. a4 e6 7. e5 a6 8. Bd3 d6
9. exd6 Qxd6 10. Nxd4 cxd4 11. Ne2 e5 12. O-O Ne7 13. fxe5 Bxe5 14. b3 O-O 15.
Ba3 Qc7 16. Ng3 Be6 17. Ne4 f6 18. Qe2 Bd5 19. Rae1 Bxh2+ 20. Kh1 Nf5 21. Rxf5
gxf5 22. Qh5 Bg3 23. Nxf6+ Rxf6 24. Re7 Bf7 25. Qg5+ Rg6 26. Qxf5 Rh6+ 27. Kg1
Bh2+ 28. Kf1 Qf4+ 0-1

[Event "4NCL Division 3 South"]
[Site "Maidenhead, ENG"]
[Date "2022.02.13"]
[Round "4.23"]
[White "Westrap, Christian F"]
[Black "Fegan, Chris"]
[Result "1/2-1/2"]
[WhiteElo "2042"]
[BlackElo "2012"]
[PlyCount "59"]
[EventDate "2022.02.13"]
[WhiteTeam "Wessex Some Stars A"]
[BlackTeam "CSC 1"]

1. d4 Nf6 2. Nf3 g6 3. g3 Bg7 4. Bg2 O-O 5. O-O c5 6. c4 cxd4 7. Nxd4 Nc6 8.
Nc3 a6 9. h3 Qc7 10. Be3 d6 11. Rc1 Nxd4 12. Bxd4 Be6 13. Nd5 Bxd5 14. cxd5 Qa5
15. Qb3 b5 16. h4 Rac8 17. Bh3 Rxc1 18. Rxc1 Qd2 19. Qd1 Qa5 20. a3 b4 21. Bxf6
Bxf6 22. Qd2 Rb8 23. Rc4 Rb5 24. Qh6 Rb8 25. Qd2 Rb5 26. axb4 Qa1+ 27. Kg2 Qxb2
28. Qxb2 Bxb2 29. e4 Ba3 30. Bc8 1/2-1/2

[Event "4NCL Division 3 South"]
[Site "Maidenhead, ENG"]
[Date "2022.02.13"]
[Round "4.24"]
[White "Kalitsis, Nikolaos"]
[Black "Pleasants, Allan J"]
[Result "1-0"]
[WhiteElo "2034"]
[BlackElo "2034"]
[PlyCount "85"]
[EventDate "2022.02.13"]
[WhiteTeam "CSC 1"]
[BlackTeam "Wessex Some Stars A"]

1. e4 g6 2. d4 Bg7 3. Be3 d6 4. Nc3 Nf6 5. f3 Nc6 6. g4 O-O 7. Qd2 a6 8. O-O-O
b5 9. Bh6 b4 10. Nce2 Rb8 11. h4 e5 12. h5 Qe7 13. d5 Na5 14. Ng3 Rd8 15. Bxg7
Kxg7 16. hxg6 fxg6 17. Qh6+ Kg8 18. g5 Nd7 19. Bh3 Nf8 20. N1e2 c5 21. f4 exf4
22. Nxf4 Nc4 23. Be6+ Bxe6 24. dxe6 Rb7 25. Nf5 gxf5 26. exf5 Qg7 27. Qxg7+
Rxg7 28. f6 Rb7 29. e7 Re8 30. b3 Ne5 31. exf8=Q+ Rxf8 32. Rxd6 Nf7 33. Rd5 Rc8
34. Re1 Rbc7 35. Ne6 Rc6 36. Rxc5 Rxc5 37. Nxc5 Nxg5 38. Nxa6 Kf7 39. Nxb4 Kxf6
40. Nd5+ Kf7 41. a4 h5 42. Rh1 Rh8 43. Rh4 1-0

[Event "4NCL Division 3 South"]
[Site "Maidenhead, ENG"]
[Date "2022.02.13"]
[Round "4.25"]
[White "Clark, Ian C"]
[Black "Scrimgour, Alan"]
[Result "1/2-1/2"]
[WhiteElo "1962"]
[BlackElo "2049"]
[PlyCount "73"]
[EventDate "2022.02.13"]
[WhiteTeam "Wessex Some Stars A"]
[BlackTeam "CSC 1"]

1. e4 c5 2. Nf3 e6 3. d4 cxd4 4. Nxd4 Nc6 5. c4 Nf6 6. Nc3 Bb4 7. Nxc6 bxc6 8.
Qc2 e5 9. Bd2 d6 10. Be2 O-O 11. O-O Bc5 12. Rad1 h6 13. Kh1 Qe7 14. Qd3 Rb8
15. b3 Re8 16. Qg3 Kh8 17. f4 Bd4 18. fxe5 dxe5 19. Bf3 Bd7 20. Ne2 Bc5 21. Bc3
Bc8 22. Nc1 Bb4 23. Ba1 Nd7 24. Nd3 f6 25. Bb2 c5 26. Qf2 Nf8 27. a3 Ba5 28.
Qxc5 Qxc5 29. Nxc5 Ne6 30. Bh5 Rf8 31. Nxe6 Bxe6 32. Rc1 Rxb3 33. Bxe5 Rc8 34.
Bd4 Rxc4 35. Rxc4 Bxc4 36. Rc1 Kh7 37. Bxa7 1/2-1/2

[Event "4NCL Division 3 South"]
[Site "Maidenhead, ENG"]
[Date "2022.02.13"]
[Round "4.26"]
[White "Amato, Giampiero"]
[Black "Bellers, Chris J"]
[Result "1/2-1/2"]
[WhiteElo "1999"]
[BlackElo "1926"]
[PlyCount "68"]
[EventDate "2022.02.13"]
[WhiteTeam "CSC 1"]
[BlackTeam "Wessex Some Stars A"]

1. e4 g6 2. d4 Bg7 3. Nc3 c5 4. dxc5 Bxc3+ 5. bxc3 Qa5 6. Qd4 Nf6 7. Qb4 Qc7 8.
Nf3 Nc6 9. Qa4 Ne5 10. Nxe5 Qxe5 11. Qd4 Qxe4+ 12. Qxe4 Nxe4 13. Be3 O-O 14.
Bc4 d6 15. cxd6 Nxd6 16. Bd5 Bf5 17. O-O Be4 18. Bb3 Rfc8 19. f3 Bc6 20. Rfe1
Nf5 21. Bf2 e6 22. Red1 a5 23. a4 b5 24. axb5 Bxb5 25. g4 Ne7 26. Bh4 Kf8 27.
c4 Bxc4 28. Rd7 Bxb3 29. cxb3 Nd5 30. Rb7 Rc3 31. Kf2 h6 32. Bg3 Rc2+ 33. Ke1
g5 34. Bd6+ Kg7 1/2-1/2

[Event "4NCL Division 3 South"]
[Site "Maidenhead, ENG"]
[Date "2022.02.13"]
[Round "4.31"]
[White "Brown, Alan M"]
[Black "Cooksey, Paul S"]
[Result "1/2-1/2"]
[WhiteElo "2010"]
[BlackElo "2290"]
[PlyCount "131"]
[EventDate "2022.02.13"]
[WhiteTeam "MK Phoenix 1"]
[BlackTeam "Crowthorne A"]

1. d4 Nf6 2. c4 e6 3. Nc3 Bb4 4. Qc2 d5 5. a3 Bxc3+ 6. Qxc3 O-O 7. e3 b6 8. Nf3
Bb7 9. cxd5 exd5 10. Bd3 Nbd7 11. O-O Re8 12. b3 Rc8 13. Bb2 Qe7 14. Rac1 Ne4
15. Qc2 a5 16. Qe2 c6 17. Rfe1 Ra8 18. Nd2 Qd6 19. f3 Nxd2 20. Qxd2 a4 21. bxa4
Ba6 22. Bb1 Qh6 23. Qc2 Bc4 24. e4 Nf8 25. Rcd1 Re6 26. Bc1 Qh4 27. Be3 Qe7 28.
Bc1 Qa7 29. f4 Qxa4 30. Qxa4 Rxa4 31. Bc2 Ra8 32. f5 Ree8 33. e5 Nd7 34. Re3 c5
35. Bb2 Nb8 36. Rg3 cxd4 37. Bxd4 Nc6 38. Bxb6 Rxe5 39. Bc7 Ree8 40. Bf4 d4 41.
Bh6 g6 42. fxg6 hxg6 43. Bxg6 fxg6 44. Rxg6+ Kh7 45. Rxc6 Be6 46. Rxd4 Rxa3 47.
Rdd6 Ra1+ 48. Kf2 Ra2+ 49. Bd2 Bf5 50. Rc7+ Kg8 51. Kg3 Rc2 52. Bc3 Rce2 53.
Rh6 R2e7 54. Rxe7 Rxe7 55. Kf4 Bh7 56. Be5 Rf7+ 57. Bf6 Rb7 58. Rh3 Rb5 59. Be5
Bb1 60. Ra3 Kf7 61. h4 Ke6 62. Re3 Rb4+ 63. Kf3 Kf5 64. Bd6 Be4+ 65. Kf2 Rb2+
66. Re2 1/2-1/2

[Event "4NCL Division 3 South"]
[Site "Maidenhead, ENG"]
[Date "2022.02.13"]
[Round "4.32"]
[White "Webb, Richard M"]
[Black "Freeman, Richard C P"]
[Result "1/2-1/2"]
[WhiteElo "2218"]
[BlackElo "2024"]
[PlyCount "53"]
[EventDate "2022.02.13"]
[WhiteTeam "Crowthorne A"]
[BlackTeam "MK Phoenix 1"]

1. e4 c5 2. Nc3 g6 3. d4 cxd4 4. Qxd4 Nf6 5. Nf3 Nc6 6. Qa4 d6 7. e5 dxe5 8.
Nxe5 Bd7 9. Nxd7 Qxd7 10. Be3 Bg7 11. Rd1 Qc8 12. Be2 O-O 13. O-O a6 14. Qb3
Na5 15. Qb4 Nc6 16. Qf4 b5 17. a4 b4 18. Ne4 Nd7 19. c3 bxc3 20. Nxc3 e5 21.
Qc4 Nd4 22. Bd3 Qxc4 23. Bxc4 Rfc8 24. b3 Nb6 25. Nd5 Nxd5 26. Bxd5 Rab8 27.
Bxd4 1/2-1/2

[Event "4NCL Division 3 South"]
[Site "Maidenhead, ENG"]
[Date "2022.02.13"]
[Round "4.33"]
[White "Lambourne, Dan M"]
[Black "Thompson, Ian D"]
[Result "1/2-1/2"]
[WhiteElo "1985"]
[BlackElo "2060"]
[PlyCount "139"]
[EventDate "2022.02.13"]
[WhiteTeam "MK Phoenix 1"]
[BlackTeam "Crowthorne A"]

1. d4 d5 2. Nf3 Nf6 3. Bf4 g6 4. e3 Bg7 5. Nbd2 O-O 6. Be2 c5 7. dxc5 Qa5 8. c3
Qxc5 9. O-O Nc6 10. Ne5 Qb6 11. Qb3 Be6 12. Qxb6 axb6 13. Nb3 Ne4 14. Nxc6 bxc6
15. f3 Nd6 16. a3 Rfd8 17. Nd4 c5 18. Nc6 Rd7 19. Ne5 Rc7 20. Rfd1 g5 21. Bg3
Nf5 22. Nd3 Nxg3 23. hxg3 f5 24. Rd2 Bf7 25. Nf2 e5 26. g4 fxg4 27. Nxg4 d4 28.
exd4 exd4 29. c4 h5 30. Nf2 Bh6 31. Rdd1 Re7 32. Ne4 g4 33. Bd3 Be3+ 34. Kh2
Kg7 35. b4 Rea7 36. bxc5 bxc5 37. Nxc5 Rxa3 38. Rxa3 Rxa3 39. fxg4 hxg4 40. Kg3
Ra2 41. Rb1 Rd2 42. Rb7 Kg8 43. Re7 Kf8 44. Rb7 Kg8 45. Rb3 Kg7 46. Ne4 Rd1 47.
Nd6 Be6 48. Bf5 Kf6 49. Bxg4 Bxg4 50. Kxg4 Rc1 51. Nf5 Rxc4 52. Nxe3 dxe3+ 53.
Kf3 Kg5 54. Rb5+ Kg6 55. Kxe3 Ra4 56. Kf3 Rc4 57. g4 Rc3+ 58. Kf4 Rc4+ 59. Kg3
Rc1 60. Rb8 Rg1+ 61. Kf3 Rf1+ 62. Kg2 Ra1 63. Rf8 Rb1 64. Rg8+ Kf7 65. Rg5 Kf6
66. Rc5 Kg6 67. Kg3 Rg1+ 68. Kh4 Rh1+ 69. Kg3 Rg1+ 70. Kh4 1/2-1/2

[Event "4NCL Division 3 South"]
[Site "Maidenhead, ENG"]
[Date "2022.02.13"]
[Round "4.34"]
[White "Coates, Kenneth G"]
[Black "Elwin, Adrian G"]
[Result "1/2-1/2"]
[WhiteElo "2052"]
[BlackElo "1983"]
[PlyCount "74"]
[EventDate "2022.02.13"]
[WhiteTeam "Crowthorne A"]
[BlackTeam "MK Phoenix 1"]

1. d4 Nf6 2. Bg5 d5 3. Bxf6 exf6 4. e3 Bf5 5. Nf3 Bd6 6. c4 dxc4 7. Bxc4 Qe7 8.
Nc3 c6 9. O-O Nd7 10. Rc1 Nb6 11. Bb3 Bg4 12. Re1 O-O 13. h3 Bh5 14. g4 Bg6 15.
Nh4 f5 16. Nxf5 Bxf5 17. gxf5 g6 18. fxg6 hxg6 19. Qg4 Kg7 20. e4 Rh8 21. e5
Rh4 22. Qg2 Bb4 23. Rcd1 a5 24. Re4 Bxc3 25. Rxh4 Qxh4 26. bxc3 a4 27. Bc2 Nd5
28. Rb1 Nf4 29. Qf3 Nxh3+ 30. Kf1 Ng5 31. Qf6+ Kh6 32. Rxb7 Rg8 33. Qxc6 Qh3+
34. Ke2 Qg4+ 35. Kd2 Qf4+ 36. Ke2 Qg4+ 37. Kd2 Qf4+ 1/2-1/2

[Event "4NCL Division 3 South"]
[Site "Maidenhead, ENG"]
[Date "2022.02.13"]
[Round "4.35"]
[White "Smith, Graham"]
[Black "Purdon, Colin"]
[Result "0-1"]
[WhiteElo "1993"]
[BlackElo "1982"]
[PlyCount "122"]
[EventDate "2022.02.13"]
[WhiteTeam "MK Phoenix 1"]
[BlackTeam "Crowthorne A"]

1. e4 c6 2. d4 d5 3. e5 Bf5 4. Nf3 e6 5. Be2 Ne7 6. O-O c5 7. dxc5 Nec6 8. Be3
Nd7 9. c4 dxc4 10. Na3 Bxc5 11. Bxc5 Nxc5 12. Nxc4 O-O 13. Rc1 Nd3 14. Rc3 Ndb4
15. Nd6 Nxe5 16. Nxb7 Qxd1 17. Bxd1 Ned3 18. g3 Nd5 19. Rb3 Nc1 20. Ra3 Rfb8
21. Nd6 Bd3 22. Re1 Rxb2 23. Ne5 Bg6 24. Bb3 Nxb3 25. axb3 Nc3 26. Nxg6 hxg6
27. Rea1 Rb1+ 28. Rxb1 Nxb1 29. Ra6 Nc3 30. b4 Rd8 31. Nb7 Rd7 32. Na5 Nd5 33.
Nc6 Rb7 34. Rxa7 Rxa7 35. Nxa7 Nxb4 36. Nb5 e5 37. h4 f5 38. Kf1 Kf7 39. Ke2
Kf6 40. Nd6 Ke7 41. Nc4 Ke6 42. Nd2 Nc6 43. Ke3 Kf6 44. Nf3 Nd8 45. Ng5 Ne6 46.
Nf3 g5 47. hxg5+ Nxg5 48. Nd2 e4 49. Nc4 Nf3 50. g4 Ne5 51. Nxe5 Kxe5 52. gxf5
Kxf5 53. f3 exf3 54. Kxf3 Kg5 55. Kg3 g6 56. Kf3 Kh4 57. Kg2 Kg4 58. Kh2 Kf3
59. Kg1 g5 60. Kf1 g4 61. Kg1 Kg3 0-1

[Event "4NCL Division 3 South"]
[Site "Maidenhead, ENG"]
[Date "2022.02.13"]
[Round "4.36"]
[White "Tart, Peter K"]
[Black "Habershon, Paul F"]
[Result "1-0"]
[WhiteElo "1880"]
[BlackElo "1976"]
[PlyCount "107"]
[EventDate "2022.02.13"]
[WhiteTeam "Crowthorne A"]
[BlackTeam "MK Phoenix 1"]

1. e4 d6 2. d4 Nf6 3. Nc3 g6 4. Be3 c6 5. Qd2 b5 6. Bd3 a6 7. h3 Nbd7 8. Nf3
Qc7 9. O-O Bb7 10. Rfe1 b4 11. Na4 Qa5 12. b3 e6 13. a3 Qh5 14. axb4 Bg7 15.
Ng5 c5 16. Be2 Qh4 17. g3 Nxe4 18. gxh4 Nxd2 19. Bxd2 cxd4 20. Bf3 d5 21. Bg2
Rc8 22. Rac1 O-O 23. Nf3 e5 24. Nh2 Rfe8 25. Bf1 f5 26. b5 a5 27. c4 dxc3 28.
Rxc3 e4 29. Rxc8 Rxc8 30. Rc1 Rxc1 31. Bxc1 Kf7 32. Be2 Ke6 33. Kf1 Be5 34. f4
Bf6 35. h5 gxh5 36. Bxh5 d4 37. Be8 Be7 38. Bxd7+ Kxd7 39. Nb6+ Ke6 40. Nc4 Bb4
41. Bd2 Bxd2 42. Nxd2 Kd5 43. Ke2 Kc5 44. Nhf1 Kxb5 45. Ng3 Bc8 46. Nc4 Kb4 47.
Nd6 Ba6+ 48. Kd1 Kxb3 49. Ngxf5 a4 50. Nxd4+ Kb2 51. N4b5 Kb3 52. f5 Kb4 53. f6
Bxb5 54. Nxb5 1-0

[Event "4NCL Division 3 South"]
[Site "Maidenhead, ENG"]
[Date "2022.02.13"]
[Round "4.41"]
[White "Webster, David"]
[Black "Rich, Mark C"]
[Result "0-1"]
[WhiteElo "1966"]
[BlackElo "2067"]
[PlyCount "96"]
[EventDate "2022.02.13"]
[WhiteTeam "Celtic Tigers 2"]
[BlackTeam "Cambridge University 2"]

1. e4 d6 2. d4 Nf6 3. Nc3 c6 4. Nf3 Qa5 5. Bd3 e5 6. h3 Nbd7 7. O-O Be7 8. Ne2
d5 9. Nxe5 dxe4 10. Nxd7 Bxd7 11. Bc4 Bf5 12. Ng3 Bg6 13. Re1 Rd8 14. c3 O-O
15. f3 c5 16. Nxe4 Nxe4 17. fxe4 cxd4 18. Qb3 dxc3 19. bxc3 Bf6 20. Bb2 Rd2 21.
Rad1 Qc5+ 22. Kh1 Rxb2 23. Qxb2 Qxc4 24. e5 Bd8 25. Qxb7 Bb6 26. Qd5 Qxc3 27.
Rf1 Re8 28. Rc1 Qd4 29. Qb5 Qd8 30. Rfd1 Qa8 31. Qd7 h5 32. Re1 Qd8 33. e6 fxe6
34. Qxd8 Bxd8 35. Rc6 Bf7 36. Rc8 Kf8 37. Rc5 Bb6 38. Rg5 Rd8 39. Rf1 Kg8 40.
Re5 Rd2 41. a4 Bd4 42. Rb5 Bg6 43. Rg5 Be4 44. Re1 Bd5 45. Rc1 Bf6 46. Rg3 Ra2
47. Kg1 Rxa4 48. Kf1 Ra2 0-1

[Event "4NCL Division 3 South"]
[Site "Maidenhead, ENG"]
[Date "2022.02.13"]
[Round "4.42"]
[White "Chan, Nevil"]
[Black "Tivillier, Jacques"]
[Result "1-0"]
[WhiteElo "2010"]
[BlackElo "1898"]
[PlyCount "111"]
[EventDate "2022.02.13"]
[WhiteTeam "Cambridge University 2"]
[BlackTeam "Celtic Tigers 2"]

1. d4 d5 2. Nc3 Bf5 3. f3 Nf6 4. Bg5 Nbd7 5. Nxd5 Nxd5 6. e4 h6 7. Bh4 N7b6 8.
c3 Bg6 9. exd5 Qxd5 10. Bd3 Bxd3 11. Qxd3 O-O-O 12. Ne2 g5 13. Bg3 f5 14. b3
Bg7 15. O-O f4 16. Bf2 Qd7 17. Qe4 Nd5 18. Rfe1 Nf6 19. Qe5 Rhg8 20. Rad1 Nd5
21. Qe4 g4 22. c4 gxf3 23. Qxf3 Ne3 24. Bxe3 fxe3 25. Qxe3 Qg4 26. g3 Kb8 27.
d5 h5 28. Qf4 Qg6 29. Nd4 Rdf8 30. Qe4 Qb6 31. Kg2 Bf6 32. Ne6 Rf7 33. Rf1 Rg4
34. Rf4 Qa6 35. Rd2 Rxf4 36. Qxf4 Qd6 37. Qxd6 cxd6 38. Rf2 Rh7 39. h4 Rh8 40.
Rf5 b5 41. cxb5 Rc8 42. Rf2 Rc3 43. Nf4 Be5 44. Nxh5 Rd3 45. Nf4 Bxf4 46. Rxf4
Rxd5 47. g4 e5 48. Rf7 Rd2+ 49. Kf3 d5 50. Re7 e4+ 51. Kf4 Rf2+ 52. Kg5 Kc8 53.
h5 Kd8 54. Re5 Rd2 55. h6 Kc7 56. h7 1-0

[Event "4NCL Division 3 South"]
[Site "Maidenhead, ENG"]
[Date "2022.02.13"]
[Round "4.43"]
[White "Kitchen, Peter J"]
[Black "Atako, Chino C"]
[Result "0-1"]
[WhiteElo "1860"]
[BlackElo "2010"]
[PlyCount "114"]
[EventDate "2022.02.13"]
[WhiteTeam "Celtic Tigers 2"]
[BlackTeam "Cambridge University 2"]

1. e4 c5 2. Nf3 e6 3. d4 cxd4 4. Nxd4 a6 5. c4 Nf6 6. Nc3 Bb4 7. Bd3 Qc7 8. O-O
Nc6 9. Nxc6 bxc6 10. Qe2 Bxc3 11. bxc3 d6 12. h3 e5 13. Be3 c5 14. Bg5 Nd7 15.
Rab1 O-O 16. Rb3 f6 17. Bd2 Nb8 18. f4 Nc6 19. f5 Bd7 20. Rfb1 Rab8 21. g4 Na5
22. Rxb8 Rxb8 23. Qd1 Rxb1 24. Qxb1 Qb7 25. Qc2 Be8 26. Kf2 Qf7 27. h4 Kf8 28.
g5 fxg5 29. Bxg5 h6 30. Bc1 Qd7 31. Qe2 Bf7 32. Ke3 Qa4 33. Kf2 Kg8 34. f6 h5
35. fxg7 Kxg7 36. Bg5 Qd7 37. Qf3 Qe6 38. Kg3 Qg6 39. Qe2 Be6 40. Kf2 Qf7+ 41.
Kg1 Kg6 42. Bd8 Nxc4 43. Bxc4 Bxc4 44. Qg2+ Kh7 45. a3 d5 46. exd5 Bxd5 47. Qf2
Qg6+ 48. Bg5 Qe4 49. Kh2 Qh1+ 50. Kg3 Be6 51. Qxc5 Qe1+ 52. Kg2 Qe2+ 53. Kg3
Qe1+ 54. Kg2 Kg6 55. Qf8 Bd5+ 56. Kh2 Qh1+ 57. Kg3 Qg2# 0-1

[Event "4NCL Division 3 South"]
[Site "Maidenhead, ENG"]
[Date "2022.02.13"]
[Round "4.44"]
[White "Gooding, Ian"]
[Black "Sarfas, Robin"]
[Result "1-0"]
[WhiteElo "1932"]
[BlackElo "1629"]
[PlyCount "55"]
[EventDate "2022.02.13"]
[WhiteTeam "Cambridge University 2"]
[BlackTeam "Celtic Tigers 2"]

1. e4 c5 2. Nf3 Nc6 3. d4 cxd4 4. Nxd4 Nf6 5. Nc3 e5 6. Ndb5 d6 7. Nd5 Nxd5 8.
exd5 Nb8 9. c4 Be7 10. Be2 O-O 11. O-O a6 12. Qa4 f5 13. Qa3 b6 14. f4 Bb7 15.
Nc3 Bf6 16. fxe5 Bxe5 17. Bf4 Nd7 18. Bd3 Bxf4 19. Rxf4 Ne5 20. Ne2 Qd7 21.
Raf1 g6 22. Nd4 Rfe8 23. g4 Nxg4 24. Nxf5 Ne5 25. Nh6+ Kh8 26. Nf7+ Nxf7 27.
Rxf7 Re7 28. Qc3+ 1-0

[Event "4NCL Division 3 South"]
[Site "Maidenhead, ENG"]
[Date "2022.02.13"]
[Round "4.45"]
[White "Burton, Abigail"]
[Black "OShea, Colm"]
[Result "0-1"]
[WhiteElo "1700"]
[BlackElo "1850"]
[PlyCount "118"]
[EventDate "2022.02.13"]
[WhiteTeam "Celtic Tigers 2"]
[BlackTeam "Cambridge University 2"]

1. c4 e5 2. Nc3 Bb4 3. d3 Bxc3+ 4. bxc3 d6 5. g3 Nc6 6. Bg2 f5 7. e3 Nf6 8. Ne2
O-O 9. O-O e4 10. d4 b6 11. Nf4 Qe7 12. Bd2 Ba6 13. f3 Bxc4 14. Re1 d5 15. a4
Qd7 16. Bf1 Na5 17. Bxc4 Nxc4 18. Bc1 Rfe8 19. Ra2 a5 20. fxe4 Nxe4 21. Qb3
Rad8 22. Nd3 Qf7 23. Rf1 Qd7 24. Re2 Rf8 25. Nb2 Nxb2 26. Bxb2 Qc6 27. Rc2 Nd6
28. Ba3 Rf7 29. Bxd6 Qxd6 30. c4 dxc4 31. Qxc4 Qd5 32. Rfc1 Qxc4 33. Rxc4 Rdd7
34. Kf2 Kf8 35. Kf3 Ke8 36. g4 fxg4+ 37. Kxg4 Kd8 38. e4 Rf2 39. Kg3 Rd2 40. d5
Re2 41. R1c3 Re7 42. Kf4 Rxh2 43. Re3 Rh5 44. Rd4 Rhe5 45. Rg3 g6 46. Rg5 Rxg5
47. Kxg5 Rf7 48. Rd3 Ke7 49. Rc3 Kd6 50. Rc6+ Ke5 51. Re6+ Kd4 52. Re8 Kc5 53.
Kg4 b5 54. axb5 Kxb5 55. e5 Kc5 56. e6 Rf5 57. e7 Kd6 58. Ra8 Kxe7 59. Rxa5 Kd6
0-1

[Event "4NCL Division 3 South"]
[Site "Maidenhead, ENG"]
[Date "2022.02.13"]
[Round "4.46"]
[White "Webster, Peter A N"]
[Black "Armitage, John"]
[Result "1-0"]
[WhiteElo "1914"]
[BlackElo "1650"]
[PlyCount "75"]
[EventDate "2022.02.13"]
[WhiteTeam "Cambridge University 2"]
[BlackTeam "Celtic Tigers 2"]

1. e4 e5 2. Nf3 Nc6 3. Bb5 d6 4. d4 Bd7 5. Nc3 Nf6 6. O-O g6 7. Re1 Bg7 8. Bxc6
Bxc6 9. dxe5 dxe5 10. Qxd8+ Rxd8 11. Nxe5 O-O 12. Nxc6 bxc6 13. Be3 a6 14. Rad1
Ng4 15. Bc5 Rfe8 16. Rxd8 Rxd8 17. Rd1 Rxd1+ 18. Nxd1 Be5 19. h3 Nf6 20. f3 Nd7
21. Be3 Kf8 22. Kf2 Ke7 23. Ke2 Kd6 24. Kd3 Nb6 25. f4 Bg7 26. Nc3 Ke6 27. Bd4
Bxd4 28. Kxd4 Nd7 29. Na4 Kd6 30. e5+ Ke6 31. g4 h6 32. Nc5+ Nxc5 33. Kxc5 Kd7
34. f5 a5 35. a4 h5 36. c3 gxf5 37. gxf5 h4 38. b4 1-0

[Event "4NCL Division 3 South"]
[Site "Maidenhead, ENG"]
[Date "2022.02.13"]
[Round "4.51"]
[White "Seymour, Timothy P"]
[Black "Gregory, Keith D F"]
[Result "1/2-1/2"]
[WhiteElo "2119"]
[BlackElo "1957"]
[PlyCount "170"]
[EventDate "2022.02.13"]
[WhiteTeam "Surbiton"]
[BlackTeam "Weesex Some Stars B"]

1. d4 d6 2. Nf3 Nf6 3. c4 Nbd7 4. Nc3 e5 5. e4 Be7 6. Be2 O-O 7. O-O c6 8. Qc2
Qc7 9. Rd1 Re8 10. Rb1 Bf8 11. b4 a6 12. h3 exd4 13. Nxd4 c5 14. bxc5 Nxc5 15.
f3 Bd7 16. Bf4 g6 17. Bf1 Rac8 18. Qd2 Ne6 19. Nxe6 Rxe6 20. Kh1 b5 21. Nd5
Nxd5 22. exd5 Ree8 23. cxb5 Bxb5 24. Bxb5 axb5 25. Rxb5 Qc4 26. Rb4 Qe2 27. Rb2
Qxd2 28. Rbxd2 Rc4 29. Bg3 Bh6 30. Rb2 Bf4 31. Bxf4 Rxf4 32. Kg1 Ra8 33. Rdd2
Rfa4 34. Kf2 h5 35. g3 Kg7 36. h4 R8a5 37. Ke2 Ra3 38. Rb6 Rxa2 39. Rxd6 Rxd2+
40. Kxd2 Ra3 41. Ke2 Kf8 42. Rb6 Ke7 43. Rb7+ Ke8 44. d6 Ra6 45. Rb8+ Kd7 46.
Rf8 Kxd6 47. Rxf7 Ke6 48. Rf8 Ra3 49. Rd8 Kf5 50. Rd5+ Kf6 51. Rd6+ Kf5 52.
Rd5+ Kf6 53. Rd3 Ra6 54. Ke3 Rb6 55. Ra3 Kf5 56. Ra5+ Kf6 57. Ra4 Re6+ 58. Kf4
Rb6 59. Rc4 Ra6 60. Rb4 Rc6 61. Ra4 Rb6 62. g4 hxg4 63. fxg4 g5+ 64. hxg5+ Kg6
65. Re4 Ra6 66. Rd4 Rb6 67. Ra4 Rc6 68. Ra5 Rc4+ 69. Kg3 Rc1 70. Rb5 Rg1+ 71.
Kf3 Rf1+ 72. Kg2 Ra1 73. Kf2 Rc1 74. Rf5 Ra1 75. Kf3 Rf1+ 76. Ke4 Re1+ 77. Kf4
Rf1+ 78. Ke5 Re1+ 79. Kd5 Rd1+ 80. Ke5 Re1+ 81. Kd6 Re4 82. Rf8 Rxg4 83. Ke6
Kxg5 84. Rg8+ Kf4 85. Rxg4+ Kxg4 1/2-1/2